| 000 | 005550000a22001810004500 | ||
|---|---|---|---|
| 003 | MACL | ||
| 005 | 20160406123947.0 | ||
| 008 | 160406b xxu||||| |||| 00| 0 eng d | ||
| 040 |
_aMACL _cMACL |
||
| 041 | _aHindi | ||
| 082 | _a294 | ||
| 100 |
_aदारिकादासशास्त्री स्वामी _950755 |
||
| 245 | _aमज्झिमनिकायपालि | ||
| 260 |
_bबौद्ध भारती _c1989 _aवाराणसी |
||
| 350 | _a75 | ||
| 650 |
_aBuddism Religion _950756 |
||
| 942 |
_cHIN _k294 _2ddc |
||
| 999 |
_c22924 _d22924 |
||